| 000 | 00406nam a2200121Ia 4500 | ||
|---|---|---|---|
| 008 | 230907s9999||||xx |||||||||||||| ||und|| | ||
| 082 |
_a709.04062 _bBRI |
||
| 100 |
_aBrill, Dorothée. _9115925 |
||
| 245 | 0 | _aShock and the senseless in Dada and Fluxus / | |
| 260 |
_aDartmouth College Press : | Published by University Press of New England, _bHanover, N.H. : _c2010 |
||
| 300 | _avii, 243 p. : | ||
| 942 | _cBK | ||
| 999 |
_c600165 _d600165 |
||